000 00264nam a2200109Ia 4500
008 200302s9999 xx 000 0 und d
100 _aGeorge Michell & Other
245 _aNew Australian Style
260 _bChronicle Books Ltd.
260 _c1999
300 _a208 P.,
999 _c1569
_d1569